Deň zaplatenia vo vzťahu k uplatneniu odpočtu DPH

Novelizácia zákona č. 222/1992 Zb. o DPH a č. 58/1995 Z.z. o štátnom rozpočte. Určenie dňa zaplatenia dane pri vzájomnom zápočte pohľadávok a záväzkov. Uplatnenie odpočtu zaplatenej dane pri preddavkových platbách za zdaniteľné obdobie prostredníctvom kreditnej karty Benzinolu.

Guardado en:
Detalles Bibliográficos
Autor principal: Minársky, Ján
Formato: Capítulo de libro
Lenguaje:eslovaco
Materias:
Etiquetas: Agregar Etiqueta
Sin Etiquetas, Sea el primero en etiquetar este registro!

MARC

LEADER 00000naa a2200000 4500
001 r017861
005 20221213101255.6
041 0 |a slo 
044 |a SK 
245 1 0 |a Deň zaplatenia vo vzťahu k uplatneniu odpočtu DPH  |c Ján Minársky 
520 |a Novelizácia zákona č. 222/1992 Zb. o DPH a č. 58/1995 Z.z. o štátnom rozpočte. Určenie dňa zaplatenia dane pri vzájomnom zápočte pohľadávok a záväzkov. Uplatnenie odpočtu zaplatenej dane pri preddavkových platbách za zdaniteľné obdobie prostredníctvom kreditnej karty Benzinolu. 
610 2 0 |a dane z hodnoty pridanej 
610 2 0 |a daňovníci 
610 2 0 |a platby neobchodné 
610 2 0 |a rozpočet štátny 
610 2 0 |a pohľadávky 
610 2 0 |a záväzky 
610 2 0 |a karty platobné 
610 2 0 |a dane 
610 2 0 |a zákony 
610 2 0 |a Slovensko 
610 2 0 |a 1992-1995 
100 1 |a Minársky, Ján